Southville International School and Colleges
Your cart is empty.
  • Cart
  • Lists
    Public lists Eva Luna New books Lux_list list_1
    Your lists Log in to create your own lists
  • Log in to your account
  • Your cookies
  • Search history
Southville International School and Colleges
  • Advanced search
  • Recent comments
  • Most popular
  • Libraries

Log in to your account

Log in with GOOGLE


If you do not have an external account, but do have a local account, you can still log in:

  1. Home
  2. MARC view: Surfing :
Normal view MARC view ISBD view

Surfing : (Record no. 9476)

[ view plain ]
MARC details
000 -LEADER
fixed length control field 01006cam a22003014a 4500
001 - CONTROL NUMBER
control field 13452206
003 - CONTROL NUMBER IDENTIFIER
control field OSt
005 - DATE AND TIME OF LATEST TRANSACTION
control field 20140310182117.0
008 - FIXED-LENGTH DATA ELEMENTS--GENERAL INFORMATION
fixed length control field 040108s2005 nyua j b 001 0 eng
010 ## - LIBRARY OF CONGRESS CONTROL NUMBER
LC control number 2004000295
020 ## - INTERNATIONAL STANDARD BOOK NUMBER
International Standard Book Number 140420184X (lib. bdg.)
040 ## - CATALOGING SOURCE
Original cataloging agency DLC
Transcribing agency DLC
Modifying agency DLC
042 ## - AUTHENTICATION CODE
Authentication code pcc
050 00 - LIBRARY OF CONGRESS CALL NUMBER
Classification number GV 840.S8
Item number .G73 2005
082 00 - DEWEY DECIMAL CLASSIFICATION NUMBER
Classification number HS 797.32
Item number G582 2005
100 1# - MAIN ENTRY--PERSONAL NAME
Personal name Green, Naima.
9 (RLIN) 13770
245 10 - TITLE STATEMENT
Title Surfing :
Remainder of title rules, tips, strategy, and safety /
Statement of responsibility, etc Naima Green.
250 ## - EDITION STATEMENT
Edition statement 1st ed.
260 ## - PUBLICATION, DISTRIBUTION, ETC. (IMPRINT)
Place of publication, distribution, etc New York :
Name of publisher, distributor, etc Rosen Central,
Date of publication, distribution, etc c2005.
300 ## - PHYSICAL DESCRIPTION
Extent 48 p. :
Other physical details col. ill. ;
Dimensions 27 cm.
440 #0 - SERIES STATEMENT/ADDED ENTRY--TITLE
Title Sports from coast to coast
9 (RLIN) 13082
650 #0 - SUBJECT ADDED ENTRY--TOPICAL TERM
Topical term or geographic name as entry element Surfing
Form subdivision Juvenile literature.
9 (RLIN) 13771
856 41 - ELECTRONIC LOCATION AND ACCESS
Materials specified Table of contents
Uniform Resource Identifier <a href="http://www.loc.gov/catdir/toc/ecip0413/2004000295.html">http://www.loc.gov/catdir/toc/ecip0413/2004000295.html</a>
906 ## - LOCAL DATA ELEMENT F, LDF (RLIN)
a 7
b cbc
c orignew
d 1
e ecip
f 20
g y-gencatlg
942 ## - ADDED ENTRY ELEMENTS (KOHA)
Source of classification or shelving scheme Library of Congress Classification
Koha item type
Holdings
Withdrawn status Lost status Source of classification or shelving scheme Damaged status Home library Current library Shelving location Date acquired Total Checkouts Full call number Barcode Date last seen Copy number Price effective from Koha item type
    Library of Congress Classification   Luxembourg Library Luxembourg Library High School Section 08/27/2013   GV 840.S8 .G73 2005 17235 08/27/2013 1 08/27/2013 Books

Surfing :

APA

Green N., . (2005). Surfing. New York: Rosen Central.

Chicago

Green Naima, . 2005. Surfing. New York: Rosen Central.

Harvard

Green N., . (2005). Surfing. New York: Rosen Central.

MLA

Green Naima, . Surfing. New York: Rosen Central. 2005.

  • Place hold
  • Print
  • Cite
  • Add to your cart (remove)
  • Save record
    BIBTEX Dublin Core MARCXML MARC (non-Unicode/MARC-8) MARC (Unicode/UTF-8) MARC (Unicode/UTF-8, Standard) MODS (XML) RIS
  • More searches
    Search for this title in:
    Other Libraries (WorldCat) Other Databases (Google Scholar) Online Stores (Bookfinder.com) Open Library (openlibrary.org)

Exporting to Dublin Core...

SOUTHVILLE LIBRARY

Southville International School and Colleges Library

1281 Tropical Ave. Cor. Luxembourg St., BF Homes International, Las Pinas City

Tel. No. 8256374 / 252358 Loc. 117/146

Powered by Koha